00941nam a22002057a 450000500170000002000180001708200170003510000260005224501100007826000590018830000560024750001260030365000640042965000540049365000480054770000210059594200070061695200970062399900150072020240227120611.0 a9789555672235 a346.044bMAU aMaunaguru, Sitralega  aPenkalin Nilam: bA study on women’s land rights in the post-tsunami resettlement process in Batticaloa aBatticaloa, cSuriya women's development centre,b2010 a viii, 63 p. : color ill., maps (some color); 30 cm a"A report of the research conducted in the Batticaloa District in 2006 and 2008 on the situation of land rights of women" aWomen and land use planning- Sri Lanka- Batticaloa District aRight of property- Sri Lanka- Batticaloa District aLand tenure- Sri Lanka- Batticaloa District aEmmanuel, Sarala cRP 00102ddc4070aMAINbMAINd2024-02-27l0o346.044 MAUpRAF5118r2024-02-27w2024-02-27yRP c4822d4822